| 000 | 00543nam a22001937a 4500 | ||
|---|---|---|---|
| 005 | 20260306112608.0 | ||
| 008 | 260306b |||||||| |||| 00| 0 eng d | ||
| 020 | _a978-1-4419-1901-4 | ||
| 050 |
_aP 98.5 .P38 G78 2008 _b1 |
||
| 100 | _aGRUNE, DICK | ||
| 245 | _aPARSING TECHNIQUES :A PRACTICAL GUIDE | ||
| 250 | _aSECOND EDITION | ||
| 260 |
_aITHECA _bTRADADEMARKS _c2888 |
||
| 300 | _aXXIV, 662P:ILL | ||
| 500 | _aINNCLUIDES BIBLIOGRAPHY , INDEX | ||
| 650 | _aA PRACTICAL GIUDE | ||
| 700 | _aJACOBS ,CARIEL J.H. | ||
| 942 |
_2lcc _cBK |
||
| 999 |
_c216805 _d216805 |
||